Thermal physics
Salvato in:
| Autori principali: | , |
|---|---|
| Natura: | Libro |
| Lingua: | inglese |
| Pubblicazione: |
San Francisco
W. H. Freeman and Company
1980
|
| Edizione: | 2a. ed |
| Soggetti: | |
| Tags: |
Aggiungi Tag
Nessun Tag, puoi essere il primo ad aggiungerne!!
|
MARC
| LEADER | 00000nam a2200000 a 4500 | ||
|---|---|---|---|
| 001 | UCT1483 | ||
| 003 | CL-VaPUC | ||
| 008 | 960927e19800000US |||||||||||||||||eng|d | ||
| 020 | |a 9780716710882 | ||
| 082 | 0 | 4 | |a 536.7 |b KIT |2 21 |
| 100 | |a Kittel, Charles |e author |9 567840 | ||
| 700 | 0 | |a Kroemer, Herbert |e author |9 370393 | |
| 245 | 1 | 0 | |a Thermal physics |
| 250 | |a 2a. ed | ||
| 300 | |a 473 p | ||
| 942 | |c BK | ||
| 945 | |d 19960927 00:00:00 |a paguirre | ||
| 260 | |a San Francisco |b W. H. Freeman and Company |c 1980 | ||
| 650 | 0 | |a Termodinámica |9 259320 | |
| 650 | 0 | |a Física |9 227844 | |
| 650 | 0 | |a Entropía |9 262675 | |
| 650 | 7 | |a PROPIEDADES TERMODINAMICAS |2 CL-VaPUC |9 357585 | |
| 650 | 0 | |a Calor específico |9 259409 | |
| 650 | 0 | |a Gases |9 260945 | |
| 650 | 0 | |a Estados de la Materia |9 347141 | |
| 583 | |a last modification |c 20150714 03:13:30 |k Rodrigo Vera | ||
| 999 | |c 251996 |d 251994 | ||
| 952 | |0 0 |1 0 |4 0 |6 536_700000000000000_KIT_1980 |7 0 |8 A |9 271562 |a BIBCUR |b BIBCUR |d 2019-11-19 |i 1750356 |o 536.7 KIT 1980 |p 1750356 |r 2025-04-22 |w 2019-11-19 |y BK |k FIS | ||
| 952 | |0 0 |1 0 |4 0 |6 536_700000000000000_KIT_1980 |7 0 |8 A |9 271563 |a BIBCUR |b BIBCUR |d 2019-11-19 |i 4786823 |l 2 |o 536.7 KIT 1980 |p 4786823 |r 2025-04-22 |s 2023-06-29 |w 2019-11-19 |y BK |k FIS | ||